Cultura general por letra - J - Estadísticas

Estadísticas generales
  • Esta prueba ha sido intentada 4.308 veces
  • La puntuación promedio es 13 de 20
Estadísticas de respuestas
Pista Respuesta % Correcto
País asiático conocido como la Tierra del Sol Naciente Japón
95%
Animal caracterizado por su cuello largo y cuerpo manchado Jirafa
95%
Personaje protagónico de las películas de "Piratas del Caribe" Jack Sparrow
93%
Personaje de La Biblia que traicionó a Jesucristo Judas
92%
Se dice que el león es el rey de la... Jungla
92%
Saga de películas de dinosaurios dirigidas por Steven Spielberg Jurassic Park
91%
Competición deportiva que se celebra cada cuatro años Juegos Olímpicos
89%
Plataforma que permite crear y jugar quizes de una gran variedad de temas JetPunk
86%
Cantante y actriz latina, entre cuyos éxitos se encuentra "On the Floor" Jennifer López
76%
Equipo de fútbol de Turín Juventus
74%
Actriz protagonista de la serie "Friends" Jennifer Aniston
70%
Tina de hidromasaje Jacuzzi
68%
Grupo musical conformado por Nick, Joe y Kevin Jonas Brothers
63%
Orden religiosa de papa Francisco, Compañía de Jesús Jesuitas
54%
Actor español ganador de un Óscar Javier Bardem
49%
Celebración de la Iglesia Católica que consiste en un año de gracia y perdón de los pecados Jubileo
35%
Canción navideña de Bobby Helms Jingle Bell Rock
21%
Idioma de Camboya Jemer
18%
Marca de tequila, famosa también por tener un recorrido en tren José Cuervo
17%
Autor de "Pedro Páramo" Juan Rulfo
15%
No se encontraron pruebas coincidentes
Distribución de puntuación
Porcentaje de gente con cada puntuación
Porcentaje por número respondido
Historial de tus puntuaciones
No has intentado esta prueba.